[Event "Groninger Combinatie op"]
[Site "Groningen"]
[Date "2022.05.26"]
[Round "1"]
[White "Wage, Sander"]
[Black "Geurink, Jasper"]
[Result "0-1"]
[WhiteElo "1859"]
[BlackElo "2265"]
[PlyCount "108"]
[EventDate "2022.05.26"]
[EventType "swiss"]
[EventRounds "7"]
[EventCountry "NED"]
[SourceTitle "CBM 208 Extra"]
[Source "ChessBase"]
[SourceDate "2022.07.31"]
[SourceVersion "1"]
[SourceVersionDate "2022.07.31"]
[SourceQuality "1"]

1. d4 e6 2. e4 d5 3. Bd3 dxe4 4. Bxe4 Nf6 5. Bf3 c5 6. Ne2 e5 7. dxe5 Qxd1+ 8. Kxd1 Ng4 9. Bxg4 Bxg4 10. f3 Bd7 11. Bf4 Nc6 12. c3 0-0-0 13. Ke1 Re8 14. Nd2 Nxe5 15. Bxe5 Rxe5 16. Kf2 Re8 17. Rhe1 Be7 18. Nf4 Bg5 19. g3 Bxf4 20. gxf4 Kc7 21. Rxe8 Rxe8 22. Rg1 g6 23. b3 Bf5 24. Re1 Rxe1 25. Kxe1 b6 26. Ke2 Kd7 27. Ne4 Ke7 28. Ke3 Bc8 29. c4 Bb7 30. Ng3 Ke6 31. Ne4 f6 32. Nf2 g5 33. a3 h5 34. Nd3 Ba6 35. Nf2 Bb7 36. Nd3 a5 37. Nb2 Bc6 38. a4 Be8 39. fxg5 fxg5 40. Nd3 Bg6 41. Ne1 Bb1 42. Kd2 Ke5 43. Ng2 h4 44. Ne3 Ba2 45. Nd5 Bxb3 46. Nxb6 Kd6 47. Kc3 Bd1 48. f4 g4 49. Nd5 Bf3 50. Ne3 Ke6 51. Kd2 h3 52. Nf1 Bc6 53. Ng3 Bxa4 54. Ke3 Bc6 0-1

[Event "NED-chT 2122"]
[Site "Netherlands"]
[Date "2022.05.21"]
[Round "5.9"]
[White "Schoorl, Rob"]
[Black "Geurink, Jasper"]
[Result "1-0"]
[WhiteElo "2276"]
[BlackElo "2269"]
[PlyCount "41"]
[EventDate "2021.09.18"]
[EventType "team-tourn"]
[EventRounds "9"]
[EventCountry "NED"]
[SourceTitle "EXT 2023"]
[Source "ChessBase"]
[SourceDate "2022.10.05"]
[SourceVersion "1"]
[SourceVersionDate "2022.10.05"]
[SourceQuality "1"]
[WhiteTeam "Den Bosch HMC"]
[BlackTeam "Groningen Combinatie"]
[WhiteTeamCountry "NED"]
[BlackTeamCountry "NED"]

1. Nf3 d6 2. d4 Nf6 3. g3 g6 4. b3 Bg7 5. Bb2 Ne4 6. Bg2 0-0 7. 0-0 f5 8. Nbd2 Nxd2 9. Qxd2 Nc6 10. Rad1 Qe8 11. b4 b5 12. c4 bxc4 13. d5 Bxb2 14. Qxb2 Nd8 15. Nd4 Rb8 16. Qc3 Qa4 17. a3 Ba6 18. f4 Bb7 19. e4 fxe4 20. Bxe4 e6 21. b5 1-0

[Event "NED-chT 1920"]
[Site "Netherlands"]
[Date "2020.02.01"]
[Round "5.4"]
[White "Zaragatski, Ilja"]
[Black "Geurink, Jasper"]
[Result "1-0"]
[WhiteElo "2489"]
[BlackElo "2283"]
[PlyCount "63"]
[EventDate "2019.09.28"]
[EventType "team-tourn"]
[EventRounds "9"]
[EventCountry "NED"]
[SourceTitle "CBM 195 Extra"]
[Source "ChessBase"]
[SourceDate "2020.05.31"]
[SourceVersion "1"]
[SourceVersionDate "2020.05.31"]
[SourceQuality "1"]
[WhiteTeam "BSG"]
[BlackTeam "Groningen Combinatie"]
[WhiteTeamCountry "NED"]
[BlackTeamCountry "NED"]

1. Nf3 Nf6 2. g3 g6 3. b3 Bg7 4. Bb2 d6 5. d4 0-0 6. Bg2 Ne4 7. 0-0 f5 8. Nbd2 Nc6 9. Ne1 Nxd2 10. Qxd2 Qe8 11. f4 Bd7 12. Rd1 b5 13. e4 fxe4 14. Bxe4 a5 15. Nf3 a4 16. c4 bxc4 17. bxc4 Qb8 18. Bc3 Qb6 19. Kg2 Qa6 20. d5 Bxc3 21. Qxc3 Na5 22. Bd3 Bg4 23. Rde1 Bxf3+ 24. Rxf3 Rf7 25. f5 Raf8 26. fxg6 hxg6 27. Rxf7 Rxf7 28. Bxg6 Rf6 29. Rxe7 Rxg6 30. Qf3 Rg7 31. Re8+ Kh7 32. Qh5# 1-0

[Event "NED-chT 1920"]
[Site "Netherlands"]
[Date "2019.11.23"]
[Round "3.4"]
[White "Van der Stricht, Geert"]
[Black "Geurink, Jasper"]
[Result "1/2-1/2"]
[WhiteElo "2373"]
[BlackElo "2283"]
[PlyCount "114"]
[EventDate "2019.09.28"]
[EventType "team-tourn"]
[EventRounds "9"]
[EventCountry "NED"]
[SourceTitle "CBM 193 Extra"]
[Source "ChessBase"]
[SourceDate "2020.01.31"]
[SourceVersion "1"]
[SourceVersionDate "2020.01.31"]
[SourceQuality "1"]
[WhiteTeam "Den Bosch HMC"]
[BlackTeam "Groningen Combinatie"]
[WhiteTeamCountry "NED"]
[BlackTeamCountry "NED"]

1. d4 Nf6 2. c4 g6 3. Nc3 Bg7 4. e4 d6 5. Be2 0-0 6. Nf3 e5 7. 0-0 Na6 8. Re1 c6 9. d5 Nc5 10. Qc2 a5 11. Be3 Ng4 12. Bxc5 dxc5 13. Rad1 cxd5 14. cxd5 Rb8 15. Nb5 b6 16. h3 Nh6 17. Na7 Qd6 18. Bb5 Bb7 19. Nd2 f5 20. Nc4 Qf6 21. Nc6 Bxc6 22. dxc6 Nf7 23. Rd7 fxe4 24. c7 Ra8 25. Qxe4 Ng5 26. Rxg7+ Kxg7 27. Qxe5 Qxe5 28. Rxe5 Kf6 29. Bd7 b5 30. Rxc5 bxc4 31. c8Q Rfxc8 32. Bxc8 Rb8 33. Rxc4 Rxb2 34. Rc6+ Ke7 35. Rc5 Ne4 36. Re5+ Kd8 37. Rxe4 Kxc8 38. Rh4 Rxa2 39. Rxh7 Rc2 40. Ra7 Rc5 41. h4 Kb8 42. Ra6 g5 43. hxg5 Rxg5 44. f4 Rb5 45. Kh2 Kb7 46. Re6 a4 47. Re3 Kc6 48. Ra3 Rb4 49. g3 Kd5 50. Kh3 Kd4 51. Kg4 Ke4 52. f5 Ke5+ 53. Kg5 Rb3 54. Rxa4 Rxg3+ 55. Rg4 Rf3 56. Kg6 Rxf5 57. Rg5 Rxg5+ 1/2-1/2

[Event "NED-chT 1920"]
[Site "Netherlands"]
[Date "2019.09.28"]
[Round "1.1"]
[White "Schoppen, Casper"]
[Black "Geurink, Jasper"]
[Result "1-0"]
[WhiteElo "2506"]
[BlackElo "2283"]
[PlyCount "83"]
[EventDate "2019.09.28"]
[EventType "team-tourn"]
[EventRounds "9"]
[EventCountry "NED"]
[SourceTitle "CBM 193 Extra"]
[Source "ChessBase"]
[SourceDate "2020.01.31"]
[SourceVersion "1"]
[SourceVersionDate "2020.01.31"]
[SourceQuality "1"]
[WhiteTeam "Leiden LSG"]
[BlackTeam "Groningen Combinatie"]
[WhiteTeamCountry "NED"]
[BlackTeamCountry "NED"]

1. e4 e6 2. d4 d5 3. Nc3 Bb4 4. e5 c5 5. a3 Ba5 6. b4 cxd4 7. Nb5 Bc7 8. f4 Bd7 9. Nxd4 Ne7 10. Ngf3 Nbc6 11. Nxc6 Nxc6 12. Bd3 Bb6 13. Bb2 Qe7 14. Qe2 0-0-0 15. 0-0-0 Kb8 16. Kb1 Rc8 17. c4 dxc4 18. Bxc4 Rc7 19. Rd6 Rhc8 20. Bb3 Qe8 21. Ng5 Ne7 22. Ne4 Ba4 23. Qd1 Bxb3 24. Qxb3 Nf5 25. Rd3 Qc6 26. Re1 h5 27. a4 a6 28. Nd6 Qxg2 29. Nxc8 Rxc8 30. a5 Bc7 31. Rc1 Qe4 32. Ka1 Ne7 33. Rc4 Qg2 34. b5 Bxa5 35. Rxc8+ Nxc8 36. bxa6 b6 37. Qc4 b5 38. Qxb5+ Bb6 39. Rd7 Ka8 40. Ka2 f6 41. f5 exf5 42. Rd2 1-0

[Event "Dieren op"]
[Site "Dieren"]
[Date "2018.07.30"]
[Round "6"]
[White "Warmerdam, Max"]
[Black "Geurink, Jasper"]
[Result "1-0"]
[WhiteElo "2424"]
[BlackElo "2348"]
[PlyCount "93"]
[EventDate "2018.07.24"]
[EventType "tourn"]
[EventRounds "9"]
[EventCountry "NED"]
[SourceTitle "CBM 185 Extra"]
[Source "ChessBase"]
[SourceDate "2018.07.29"]
[SourceVersion "1"]
[SourceVersionDate "2018.07.29"]
[SourceQuality "1"]

1. d4 Nf6 2. c4 g6 3. g3 Bg7 4. Bg2 d6 5. Nc3 0-0 6. Nf3 Nbd7 7. 0-0 e5 8. e4 c6 9. h3 a6 10. Qc2 Qc7 11. Rd1 exd4 12. Nxd4 Ne5 13. b3 c5 14. Nde2 Rb8 15. a4 b6 16. Be3 Bb7 17. Qd2 Rbd8 18. Bg5 Qb8 19. Re1 b5 20. axb5 axb5 21. cxb5 Rde8 22. Rad1 c4 23. bxc4 Nxc4 24. Qa2 Ne5 25. Qa3 h6 26. Bf4 g5 27. Bxe5 Rxe5 28. Nd4 d5 29. exd5 Rxe1+ 30. Rxe1 Nxd5 31. Nxd5 Bxd5 32. Nc6 Bxc6 33. bxc6 Qb6 34. Qd3 Qd4 35. Qf5 Qd6 36. Bd5 Bd4 37. Kg2 Kg7 38. Be4 Re8 39. Rd1 Qc5 40. Qxc5 Bxc5 41. Rd7 Rc8 42. Bd5 Kf6 43. Rxf7+ Ke5 44. Bf3 h5 45. Rh7 h4 46. Rh5 Be7 47. gxh4 1-0

[Event "Dieren op"]
[Site "Dieren"]
[Date "2018.07.28"]
[Round "5"]
[White "Geurink, Jasper"]
[Black "Pruijssers, Roeland"]
[Result "1/2-1/2"]
[WhiteElo "2348"]
[BlackElo "2501"]
[PlyCount "78"]
[EventDate "2018.07.24"]
[EventType "tourn"]
[EventRounds "9"]
[EventCountry "NED"]
[SourceTitle "CBM 185 Extra"]
[Source "ChessBase"]
[SourceDate "2018.07.29"]
[SourceVersion "1"]
[SourceVersionDate "2018.07.29"]
[SourceQuality "1"]

1. e4 c5 2. Nf3 e6 3. d3 Nc6 4. g3 Nf6 5. Bg2 Be7 6. 0-0 d5 7. Qe2 0-0 8. e5 Nd7 9. c4 Nb6 10. Bf4 f5 11. exf6 Bxf6 12. Nc3 e5 13. Nxe5 Nd4 14. Qh5 g6 15. Nxg6 Qe8 16. Nxd5 hxg6 17. Nxf6+ Rxf6 18. Qxc5 Ne2+ 19. Kh1 Nxf4 20. gxf4 Bf5 21. Rfe1 Re6 22. Rxe6 Qxe6 23. Qe3 Qxe3 24. fxe3 Bxd3 25. b3 Re8 26. Bxb7 Rxe3 27. c5 Nd7 28. Rc1 Nf6 29. Kg1 Re2 30. Bf3 Rd2 31. c6 Bf5 32. Rc4 Kf7 33. Ra4 Ke6 34. Rxa7 Rc2 35. Ra4 Nd5 36. Rd4 Ne7 37. a4 Nxc6 38. Rc4 Rxc4 39. bxc4 Na5 1/2-1/2

[Event "Dieren op"]
[Site "Dieren"]
[Date "2018.07.25"]
[Round "2"]
[White "Sandipan, Chanda"]
[Black "Geurink, Jasper"]
[Result "1-0"]
[WhiteElo "2548"]
[BlackElo "2348"]
[PlyCount "189"]
[EventDate "2018.07.24"]
[EventType "tourn"]
[EventRounds "9"]
[EventCountry "NED"]
[SourceTitle "CBM 185 Extra"]
[Source "ChessBase"]
[SourceDate "2018.07.29"]
[SourceVersion "1"]
[SourceVersionDate "2018.07.29"]
[SourceQuality "1"]

1. e4 e6 2. d4 d5 3. Nd2 Be7 4. c3 c5 5. dxc5 Bxc5 6. exd5 exd5 7. Bb5+ Nc6 8. Nb3 Bb6 9. Nf3 Nf6 10. Qe2+ Ne4 11. Be3 0-0 12. 0-0-0 Re8 13. Rhe1 Bg4 14. h3 Bh5 15. g4 Bg6 16. h4 Nb4 17. cxb4 Rc8+ 18. Bc5 Re6 19. h5 Nxc5 20. bxc5 Rxe2 21. Rxe2 Qf6 22. hxg6 Qxf3 23. Rde1 Bxc5 24. Re8+ Rxe8 25. Rxe8+ Bf8 26. gxh7+ Kxh7 27. Rxf8 Qxf2 28. Bd3+ g6 29. Re8 Qf4+ 30. Kb1 Qxg4 31. Re7 Qf3 32. Nc1 Kg7 33. Rxb7 Qe3 34. Kc2 g5 35. Ne2 a5 36. Rb5 Qe5 37. Nc3 Qh2+ 38. Kb3 g4 39. Rxd5 g3 40. Rg5+ Kh6 41. Rg8 Qg1 42. Ne2 Qb6+ 43. Kc4 g2 44. Nd4 Qxb2 45. Bc2 Qxa2+ 46. Kc5 Qa3+ 47. Kd5 Qa2+ 48. Ke4 Qb2 49. Kd3 Qb7 50. Ke3 Qe7+ 51. Kf3 Qf6+ 52. Nf5+ Kh7 53. Rxg2 Qc3+ 54. Kf4 Qf6 55. Rg5 Kh8 56. Rg3 Kh7 57. Bb3 Kh8 58. Re3 Kh7 59. Bc2 Kg8 60. Bb3 Kh7 61. Rh3+ Kg8 62. Rd3 Kh7 63. Rd7 Kg8 64. Rb7 Qc3 65. Bxf7+ Kf8 66. Bd5 Ke8 67. Be6 Qc1+ 68. Ke5 Qc3+ 69. Kd6 Qa3+ 70. Kc6 Qa4+ 71. Kb6 Qb4+ 72. Ka6 Qf4 73. Rb5 Kd8 74. Rd5+ Ke8 75. Rc5 Qf1+ 76. Kb7 Qb1+ 77. Ka6 Qf1+ 78. Bc4 Qf2 79. Rxa5 Kf8 80. Nd6 Ke7 81. Nc8+ Kf8 82. Rd5 Qb2 83. Nb6 Ke7 84. Rf5 Kd6 85. Kb7 Qg7+ 86. Bf7 Qg2+ 87. Bd5 Qb2 88. Rf7 Kc5 89. Rc7+ Kd4 90. Rc4+ Ke5 91. Kc6 Kf6 92. Nd7+ Ke7 93. Re4+ Kd8 94. Nc5 Qh8 95. Nb7+ 1-0

[Event "Agneaux St Lo op 20th"]
[Site "Agneaux"]
[Date "2018.07.10"]
[Round "4"]
[White "Geurink, Jasper"]
[Black "Dgebuadze, Alexandre"]
[Result "0-1"]
[WhiteElo "2348"]
[BlackElo "2519"]
[PlyCount "96"]
[EventDate "2018.07.07"]
[EventType "swiss"]
[EventRounds "9"]
[EventCountry "FRA"]
[SourceTitle "CBM 185 Extra"]
[Source "ChessBase"]
[SourceDate "2018.07.29"]
[SourceVersion "1"]
[SourceVersionDate "2018.07.29"]
[SourceQuality "1"]

1. e4 c5 2. Nc3 e6 3. g3 Nc6 4. Bg2 g6 5. d3 Bg7 6. Be3 d6 7. f4 Nd4 8. Nf3 Nxf3+ 9. Qxf3 Ne7 10. 0-0 Rb8 11. e5 Nf5 12. Bf2 h5 13. Rae1 b6 14. Ne4 Bb7 15. exd6 Bxb2 16. g4 hxg4 17. Qxg4 Bg7 18. a4 Kf8 19. a5 Nxd6 20. Ng5 Bxg2 21. Qxg2 Qd7 22. axb6 axb6 23. Rb1 Qc7 24. Ne4 Rh5 25. Ng3 Rd5 26. Rbe1 Nf5 27. Re4 Nh4 28. Qh1 Bd4 29. Bxd4 cxd4 30. Re2 Rc5 31. Qe4 Rd8 32. Rff2 Kg7 33. Nf1 b5 34. Rd2 b4 35. Rde2 Nf5 36. h3 Rh8 37. Kh2 Rh4 38. Ng3 Qd8 39. Nxf5+ Rxf5 40. Rf3 Qd6 41. Ref2 g5 42. Rg3 Rfxf4 43. Rxf4 Rxf4 44. Qe2 Kg6 45. Kg2 Qd5+ 46. Kg1 Qf5 47. Qg2 Qe5 48. Kh2 Kf6 0-1

[Event "Utrecht OKU op 45th"]
[Site "Utrecht"]
[Date "2018.06.03"]
[Round "6"]
[White "Geurink, Jasper"]
[Black "Van de Pavoordt, Max"]
[Result "1-0"]
[WhiteElo "2348"]
[BlackElo "2004"]
[PlyCount "121"]
[EventDate "2018.06.01"]
[EventType "swiss"]
[EventRounds "6"]
[EventCountry "NED"]
[SourceTitle "CBM 184 Extra"]
[Source "ChessBase"]
[SourceDate "2018.06.28"]
[SourceVersion "1"]
[SourceVersionDate "2018.06.28"]
[SourceQuality "1"]

1. e4 e6 2. d3 d5 3. Qe2 Nf6 4. Nf3 b6 5. e5 Ng8 6. g3 Nd7 7. h4 Ne7 8. h5 c5 9. h6 Ng6 10. Nc3 a6 11. d4 cxd4 12. Nxd4 gxh6 13. f4 Bc5 14. Be3 Qc7 15. 0-0-0 Bb7 16. Bg2 0-0-0 17. Rxh6 b5 18. Bg1 Nb6 19. Qe1 b4 20. Nce2 Nc4 21. b3 Na3 22. Kb2 Qa5 23. c3 Bf8 24. Rh3 Nb5 25. Nxb5 axb5 26. Bd4 Kd7 27. Qd2 Ra8 28. Kb1 bxc3 29. Bxc3 b4 30. Bd4 Bc5 31. Bxc5 Qxc5 32. Nd4 Qa5 33. Bf1 Ba6 34. Rh2 Ne7 35. a4 Bxf1 36. Rxf1 Rac8 37. Rc1 Rxc1+ 38. Kxc1 Qc5+ 39. Kb2 h5 40. Qd3 Rc8 41. Rc2 Qb6 42. Rxc8 Nxc8 43. Nc2 Ne7 44. Qf3 Qc5 45. Qe3 Qxe3 46. Nxe3 Kc6 47. Kc2 Kc5 48. Kd3 d4 49. Nf1 Kd5 50. a5 Nc6 51. a6 Kc5 52. Nd2 Kb6 53. Nc4+ Kxa6 54. Nd6 Kb6 55. Nxf7 Kc5 56. Ng5 Kd5 57. Nf3 Kc5 58. Ke4 d3 59. Kxd3 Kd5 60. Ke3 Kc5 61. Ke4 1-0

[Event "Utrecht OKU op 45th"]
[Site "Utrecht"]
[Date "2018.06.02"]
[Round "3"]
[White "Floor, Dirk"]
[Black "Geurink, Jasper"]
[Result "0-1"]
[WhiteElo "2186"]
[BlackElo "2348"]
[PlyCount "104"]
[EventDate "2018.06.01"]
[EventType "swiss"]
[EventRounds "6"]
[EventCountry "NED"]
[SourceTitle "CBM 184 Extra"]
[Source "ChessBase"]
[SourceDate "2018.06.28"]
[SourceVersion "1"]
[SourceVersionDate "2018.06.28"]
[SourceQuality "1"]

1. e4 e6 2. d4 d5 3. Nc3 Bb4 4. Nge2 Nf6 5. e5 Nfd7 6. f4 0-0 7. a3 Ba5 8. b4 Bb6 9. Na4 c6 10. Nxb6 Qxb6 11. Be3 a5 12. c3 axb4 13. axb4 Rxa1 14. Qxa1 Qc7 15. Ng1 Nb6 16. Nf3 Nc4 17. Bc1 c5 18. bxc5 b6 19. Bxc4 dxc4 20. Qb1 bxc5 21. 0-0 cxd4 22. Ba3 dxc3 23. Bxf8 Kxf8 24. Qxh7 Bb7 25. Qh8+ Ke7 26. Qh4+ Ke8 27. Qf2 Be4 28. Rc1 c2 29. Ne1 Nd7 30. Nxc2 Nc5 31. Ra1 Nb3 32. Rd1 c3 33. h3 Nd2 34. Ra1 Qb7 35. Qc5 Nb3 36. Qxc3 Nxa1 37. Nxa1 Bxg2 38. Qg3 Be4 39. Nb3 Qd5 40. Qc3 f6 41. Qc8+ Kf7 42. Qc7+ Kg6 43. Qc3 Qd1+ 44. Kf2 Qh1 45. Qg3+ Kf7 46. exf6 gxf6 47. Nd2 Bf5 48. h4 Qd5 49. Nf1 Qa2+ 50. Kg1 Qb1 51. h5 Bd3 52. Qg2 Qb4 0-1

[Event "Utrecht OKU op 45th"]
[Site "Utrecht"]
[Date "2018.06.02"]
[Round "4"]
[White "Miezis, Normunds"]
[Black "Geurink, Jasper"]
[Result "0-1"]
[WhiteElo "2468"]
[BlackElo "2348"]
[PlyCount "68"]
[EventDate "2018.06.01"]
[EventType "swiss"]
[EventRounds "6"]
[EventCountry "NED"]
[SourceTitle "CBM 184 Extra"]
[Source "ChessBase"]
[SourceDate "2018.06.28"]
[SourceVersion "1"]
[SourceVersionDate "2018.06.28"]
[SourceQuality "1"]

1. c4 g6 2. Nc3 Bg7 3. g3 e5 4. Bg2 d6 5. d3 Nc6 6. e4 Nge7 7. Nge2 h5 8. h4 Bg4 9. f3 Be6 10. Nd5 0-0 11. Be3 Nd4 12. Nxd4 exd4 13. Bg5 f6 14. Bd2 Nc6 15. Nf4 Bf7 16. Qe2 Ne5 17. g4 hxg4 18. fxg4 g5 19. Nh5 Be6 20. Bh3 Qd7 21. Ng3 b5 22. b3 bxc4 23. bxc4 Rab8 24. Nf5 Rb2 25. Nxd4 c5 26. Nf5 gxh4 27. 0-0 Bxf5 28. gxf5 Bh6 29. Rad1 Rf7 30. Kh1 Rg7 31. Rf2 Rg3 32. Rg2 Qg7 33. Bxh6 Rxe2 34. Bxg7 Rxh3+ 0-1

[Event "Groningen Combinatie op"]
[Site "Groningen"]
[Date "2018.05.12"]
[Round "4"]
[White "Geurink, Jasper"]
[Black "De Boer, Eelke"]
[Result "0-1"]
[WhiteElo "2361"]
[BlackElo "2318"]
[PlyCount "88"]
[EventDate "2018.05.10"]
[EventType "swiss"]
[EventRounds "7"]
[EventCountry "NED"]
[SourceTitle "CBM 184 Extra"]
[Source "ChessBase"]
[SourceDate "2018.06.28"]
[SourceVersion "1"]
[SourceVersionDate "2018.06.28"]
[SourceQuality "1"]

1. e4 c5 2. Nc3 d6 3. f4 g6 4. Nf3 Bg7 5. Bc4 Nc6 6. 0-0 e6 7. d3 Nge7 8. Qe1 0-0 9. f5 gxf5 10. Qg3 fxe4 11. dxe4 Ng6 12. Bg5 f6 13. Be3 Nce5 14. Be2 Kh8 15. Rad1 Qe7 16. Kh1 a6 17. a4 Bd7 18. h4 Nxf3 19. gxf3 Ne5 20. h5 Rg8 21. Qh4 h6 22. f4 Nf7 23. Bf3 Bc6 24. Rde1 b5 25. axb5 axb5 26. Rg1 b4 27. Nd5 exd5 28. exd5 Bb7 29. Bxc5 Qd7 30. Bxb4 Qb5 31. Bc3 Bxd5 32. Bxd5 Qxd5+ 33. Kh2 Qf5 34. Re7 Rae8 35. Rxe8 Rxe8 36. Qg4 Qxg4 37. Rxg4 Re2+ 38. Rg2 Rxg2+ 39. Kxg2 f5 40. Bxg7+ Kxg7 41. Kf3 Kf6 42. c4 Ke7 43. Ke3 Nd8 44. b4 Ne6 0-1

[Event "Groningen Combinatie op"]
[Site "Groningen"]
[Date "2018.05.11"]
[Round "3"]
[White "Geurink, Jasper"]
[Black "Klapwijk, Bram"]
[Result "0-1"]
[WhiteElo "2361"]
[BlackElo "2203"]
[PlyCount "118"]
[EventDate "2018.05.10"]
[EventType "swiss"]
[EventRounds "7"]
[EventCountry "NED"]
[SourceTitle "CBM 184 Extra"]
[Source "ChessBase"]
[SourceDate "2018.06.28"]
[SourceVersion "1"]
[SourceVersionDate "2018.06.28"]
[SourceQuality "1"]

1. e4 e6 2. d4 d5 3. e5 c5 4. c3 Nc6 5. Nf3 Bd7 6. Be2 Nge7 7. Na3 cxd4 8. cxd4 Nf5 9. Nc2 Qb6 10. 0-0 Na5 11. b3 Bb5 12. g4 Ne7 13. Nfe1 Bxe2 14. Qxe2 Nac6 15. Be3 h5 16. f3 Ng6 17. Ng2 0-0-0 18. Rad1 Kb8 19. Nf4 Nxf4 20. Bxf4 Rc8 21. Rf2 Bb4 22. Kg2 Bc3 23. Be3 Nb4 24. Nxb4 Bxb4 25. Rff1 Ba3 26. gxh5 Rxh5 27. Bf2 Qd8 28. Bg3 Qg5 29. b4 Rc4 30. Rd3 Bxb4 31. Rb1 Ba5 32. Qd1 Rh8 33. Qb3 Rb4 34. Qd1 Rxb1 35. Qxb1 Rc8 36. Rd1 Rc4 37. h4 Qe3 38. Bf2 Qe2 39. Qd3 Qxa2 40. Qh7 Qc2 41. Qxc2 Rxc2 42. Rb1 Bc3 43. Kg3 a5 44. Be1 Bxe1+ 45. Rxe1 a4 46. Kf4 g6 47. Kg5 Ka7 48. Kf6 Rc7 49. f4 b5 50. f5 exf5 51. e6 fxe6 52. Kxg6 a3 53. Rb1 a2 54. Ra1 Rc2 55. h5 b4 56. h6 b3 57. Kf6 Kb6 58. Rh1 b2 59. h7 Rc8 0-1

[Event "NED-chT 1718"]
[Site "Netherlands"]
[Date "2017.09.23"]
[Round "2.3"]
[White "Bok, Benjamin"]
[Black "Geurink, Jasper"]
[Result "1-0"]
[WhiteElo "2620"]
[BlackElo "2341"]
[PlyCount "91"]
[EventDate "2017.09.16"]
[EventType "team-tourn"]
[EventRounds "9"]
[EventCountry "NED"]
[SourceTitle "EXT 2019"]
[Source "ChessBase"]
[SourceDate "2018.10.10"]
[SourceVersion "1"]
[SourceVersionDate "2018.10.10"]
[SourceQuality "1"]
[WhiteTeam "En Passant"]
[BlackTeam "Groningen Combinatie"]
[WhiteTeamCountry "NED"]
[BlackTeamCountry "NED"]

1. Nf3 Nf6 2. c4 g6 3. g3 Bg7 4. Bg2 0-0 5. 0-0 d6 6. d4 c6 7. Nc3 Nbd7 8. e4 e5 9. Be3 a6 10. h3 Qe7 11. Qc2 Re8 12. Rad1 Qf8 13. b4 exd4 14. Nxd4 c5 15. bxc5 Nxc5 16. Nb3 Nxb3 17. axb3 Be6 18. Bf4 Rad8 19. Qd3 Nh5 20. Bg5 Rc8 21. g4 Nf6 22. Bf4 Red8 23. Bxd6 Qe8 24. Qg3 Nd7 25. e5 b5 26. f4 f5 27. Nd5 bxc4 28. Ne7+ Kh8 29. Nxc8 Rxc8 30. bxc4 Bxc4 31. Rfe1 Nf8 32. Rc1 Be6 33. g5 Bd7 34. Rxc8 Qxc8 35. Qe3 Ne6 36. Rc1 Qd8 37. Rb1 Bb5 38. Bd5 Qe8 39. Kf2 h6 40. h4 Kh7 41. Kg3 Qd7 42. Rc1 Qe8 43. Qa7 Be2 44. Bxe6 Qxe6 45. Rc7 Qg8 46. e6 1-0

[Event "NED-chT 1617"]
[Site "Netherlands"]
[Date "2016.11.05"]
[Round "3.3"]
[White "Warmerdam, Max"]
[Black "Geurink, Jasper"]
[Result "0-1"]
[WhiteElo "2383"]
[BlackElo "2359"]
[PlyCount "60"]
[EventDate "2016.09.17"]
[EventType "team-tourn"]
[EventRounds "9"]
[EventCountry "NED"]
[SourceTitle "EXT 2018"]
[Source "ChessBase"]
[SourceDate "2017.10.13"]
[SourceVersion "1"]
[SourceVersionDate "2017.10.13"]
[SourceQuality "1"]
[WhiteTeam "Apeldoorn"]
[BlackTeam "Groningen Combinatie"]
[WhiteTeamCountry "NED"]
[BlackTeamCountry "NED"]

1. e4 e6 2. d4 d5 3. Nc3 Nf6 4. e5 Nfd7 5. f4 c5 6. Nf3 Nc6 7. Be3 Be7 8. Qd2 0-0 9. dxc5 Qa5 10. 0-0-0 b6 11. Bb5 Bb7 12. Kb1 Kh8 13. cxb6 axb6 14. Nd4 Rfc8 15. Nb3 Qa7 16. a3 Nc5 17. Bxc6 Bxc6 18. Bd4 Ne4 19. Nxe4 dxe4 20. Qe3 Bd5 21. Bxb6 Qb7 22. Rd2 Ra6 23. Bd4 Qc7 24. Rhd1 Rc6 25. Rc1 Bxa3 26. Bc3 Qb8 27. Rcd1 Rxc3 28. bxc3 Bxb3 29. cxb3 Qxb3+ 30. Ka1 Bb2+ 0-1

[Event "Dieren op"]
[Site "Dieren"]
[Date "2016.07.28"]
[Round "3"]
[White "Vrolijk, Liam"]
[Black "Geurink, Jasper"]
[Result "1-0"]
[WhiteElo "2213"]
[BlackElo "2359"]
[PlyCount "137"]
[EventDate "2016.07.26"]
[EventType "swiss"]
[EventRounds "9"]
[EventCountry "NED"]
[SourceTitle "CBM 173 Extra"]
[Source "ChessBase"]
[SourceDate "2016.08.29"]
[SourceVersion "1"]
[SourceVersionDate "2016.08.29"]
[SourceQuality "1"]

1. e4 e6 2. d4 d5 3. Nd2 Nf6 4. e5 Nfd7 5. f4 c5 6. c3 Nc6 7. Ndf3 Qb6 8. g3 cxd4 9. cxd4 Be7 10. Kf2 f5 11. Kg2 a5 12. Nh3 Nf8 13. Nf2 Bd7 14. Rb1 Rc8 15. Bd2 Na7 16. Bd3 Bb5 17. Bc2 Nc6 18. a3 Nd7 19. Bc3 Qd8 20. g4 g6 21. gxf5 exf5 22. h4 h5 23. Nh3 Nf8 24. Nhg5 Qd7 25. Kh3 Bxg5 26. Nxg5 Ne6 27. Nxe6 Qxe6 28. Rg1 b6 29. Qd2 Kf7 30. Rg3 Ne7 31. Rbg1 Rc6 32. Bd1 Rc7 33. Bf3 Rh6 34. Bd1 Qc6 35. Qg2 Qe6 36. a4 Be8 37. b4 Ra7 38. b5 Rc7 39. Bb3 Kg7 40. Bb2 Bf7 41. Ba3 Ng8 42. Bd6 Rd7 43. Rc1 Rxd6 44. exd6 Nf6 45. Rc6 Ne4 46. Rf3 Rh8 47. Qc2 Rd8 48. Rxb6 Rxd6 49. Rc6 Qf6 50. Ba2 Kh6 51. Rxd6 Qxd6 52. Qb2 Qb6 53. Rf1 Kh7 54. Bb1 Be6 55. Kg2 Bd7 56. Kf3 Qf6 57. Rh1 Nd6 58. Bd3 Bc8 59. Qc3 Bb7 60. Ke2 Nc4 61. Bxc4 dxc4 62. Rh3 Bd5 63. Qxa5 Qe7+ 64. Re3 Qxh4 65. Qc7+ Kh6 66. Qe5 Qh2+ 67. Kd1 Qh1+ 68. Kd2 c3+ 69. Rxc3 1-0

[Event "Maastricht Limburg op-A 9th"]
[Site "Maastricht"]
[Date "2015.05.23"]
[Round "3"]
[White "Geurink, Jasper"]
[Black "Haast, Anne"]
[Result "0-1"]
[WhiteElo "2354"]
[BlackElo "2352"]
[PlyCount "66"]
[EventDate "2015.05.22"]
[EventType "swiss"]
[EventRounds "7"]
[EventCountry "NED"]
[SourceTitle "CBM 166 Extra"]
[Source "ChessBase"]
[SourceDate "2015.06.18"]
[SourceVersion "1"]
[SourceVersionDate "2015.06.18"]
[SourceQuality "1"]

1. e4 c5 2. Nf3 e6 3. d3 Nc6 4. g3 d5 5. Nbd2 g6 6. Bg2 Bg7 7. 0-0 Nf6 8. exd5 Nxd5 9. Nb3 b6 10. d4 c4 11. Nbd2 c3 12. Ne4 0-0 13. Nxc3 Nxc3 14. bxc3 Ba6 15. Re1 Rc8 16. h4 Na5 17. Bd2 Qc7 18. Qc1 Rfd8 19. h5 Bb7 20. hxg6 hxg6 21. Rb1 Bd5 22. a3 Nc4 23. Bg5 Rd7 24. Ra1 Nd6 25. Ne5 Bxg2 26. Kxg2 Qb7+ 27. Kg1 Rdc7 28. Qf4 Rxc3 29. Ng4 Nf5 30. Nf6+ Bxf6 31. Bxf6 Rf3 32. Qg4 Rxc2 33. d5 Rfxf2 0-1